Statistics for Geography Misspells #2

Click here to take the quiz!

General Stats

  • This quiz has been taken 33 times
  • The average score is 9 of 10

Answer Stats

Capital city misspelledHintAnswer% Correct
MowcowMos-Moscow
100%
BejiengBei-Beijing
97%
BarlisiaBra-Brasilia
97%
BuchapestBud-Budapest
97%
CohenpagonCop-Copenhagen
97%
SoueoulSeo-Seoul
97%
NahavaHav-Havana
94%
BanceraCan-Canberra
90%
Abbis AdavaAdd-Addis Ababa
87%
StanaaAst-Astana
87%

Score Distribution

Percentile by Number Answered

Percent of People with Each Score

Your Score History

You have not taken this quiz